Obszar metropolitalny Łodzi - wyzwania i problemy / (Rekord nr 45746)
| 000 -ETYKIETA REKORDU | |
|---|---|
| podpole kontrolne o stałej długości | 01419nam a2200313 i 4500 |
| 001 - NUMER KONTROLNY REKORDU | |
| pole kontrolne | bg |
| 020 ## - MIĘDZYNARODOWY ZNORMALIZOWANY NUMER KSIĄŻKI - ISBN | |
| ISBN | 8389693305 |
| 040 ## - ŹRÓDŁO KATALOGOWANIA | |
| Instytucja, która utworzyła rekord | BPK |
| 041 0# - KOD JĘZYKA | |
| Kod języka tekstu | pol |
| Kod języka streszczenia lub abstraktu | eng |
| 080 ## - UNIWERSALNA KLASYFIKACJA DZIESIĘTNA - UKD | |
| UKD | 711.4/.8:911.375](438)"1989/..." |
| 920 ## - Międzynarodowy znormalizowany numer książki – ISBN | |
| ISBN | 83-89693-30-5 |
| 008 - POLE O STAŁEJ DŁUGOŚCI - DANE KONTROLNE | |
| podpole kontrolne o stałej długości | s pl f |000 0 pol |
| 245 00 - TYTUŁ/ODPOWIEDZIALNOŚĆ | |
| Tytuł | Obszar metropolitalny Łodzi - wyzwania i problemy / |
| Pozostałe elementy strefy tytułu i oznaczenia odpowiedzialności | pod red. Kazimierza Balda, Tadeusza Markowskiego. |
| 260 ## - STREFA ADRESU WYDAWNICZEGO | |
| Miejsce wydania | Warszawa : |
| Nazwa wydawcy/dystrybutora | KPZK PAN, |
| Data publikacji, dystrybucji/powstania dokumentu | 2005. |
| 300 ## - STREFA OPISU FIZYCZNEGO | |
| Objętość | 171, [2] s., [2] k. tabl. : |
| Inne cechy fizyczne | mapy (w tym kolor.) ; |
| Rozmiary | 21 cm. |
| 490 1# - STREFA SERII I DOKUMENTU WIELOCZĘŚCIOWEGO - FORMA NIE DO WYSZUKIWANIA | |
| Tytuł i oznaczenie odpowiedzialności serii | Biuletyn / Polska Akademia Nauk. Komitet Przestrzennego Zagospodarowania Kraju, |
| ISSN | 0079-3493 ; |
| Numeracja w obrębie serii | Z. 215 |
| 500 ## - UWAGI OGÓLNE | |
| Tekst uwagi | Tyt. równol.: "Metropolitan area of Lodz - challanges and problems". Streszcz. ang. przy art. |
| 504 ## - UWAGA DOTYCZĄCA BIBLIOGRAFII | |
| Informacje o bibliografii | Bibliogr. przy art. |
| 650 #9 - HASŁO PRZEDMIOTOWE W FORMIE NAZWY OGÓLNEJ LUB JEDNOSTKOWEJ | |
| Nazwa ogólna lub geograficzna | Planowanie przestrzenne |
| Określnik geograficzny | Polska |
| Określnik chronologiczny | od 1989 r. |
| 650 #9 - HASŁO PRZEDMIOTOWE W FORMIE NAZWY OGÓLNEJ LUB JEDNOSTKOWEJ | |
| Nazwa ogólna lub geograficzna | Miasta |
| Określnik ogólny | planowanie przestrzenne |
| Określnik geograficzny | Polska |
| Określnik chronologiczny | od 1989 r. |
| 650 #9 - HASŁO PRZEDMIOTOWE W FORMIE NAZWY OGÓLNEJ LUB JEDNOSTKOWEJ | |
| Nazwa ogólna lub geograficzna | Metropolie (urban.) |
| Określnik ogólny | planowanie przestrzenne |
| Określnik geograficzny | Polska |
| Określnik chronologiczny | od 1989 r. |
| 650 #9 - HASŁO PRZEDMIOTOWE W FORMIE NAZWY OGÓLNEJ LUB JEDNOSTKOWEJ | |
| Nazwa ogólna lub geograficzna | Urbanizacja |
| Określnik geograficzny | Polska |
| Określnik chronologiczny | od 1989 r. |
| 651 #9 - HASŁO PRZEDMIOTOWE W FORMIE NAZWY GEOGRAFICZNEJ | |
| Nazwa geograficzna | Łódź |
| Określnik ogólny | planowanie przestrzenne |
| Określnik chronologiczny | od 1989 r. |
| 700 1# - HASŁO DODATKOWE - NAZWA OSOBOWA | |
| Nazwa osobowa | BALD, Kazimierz. |
| Określenie związku między hasłem a opisywanym materiałem | Red. |
| 700 1# - HASŁO DODATKOWE - NAZWA OSOBOWA | |
| Nazwa osobowa | MARKOWSKI, Tadeusz. |
| Określenie związku między hasłem a opisywanym materiałem | Red. |
| 830 #0 - HASŁO DODATKOWE SERII LUB DOKUMENTU WIELOCZĘŚCIOWEGO - TYTUŁ UJEDNOLICONY | |
| Tytuł ujednolicony | Biuletyn (Polska Akademia Nauk. Komitet Przestrzennego Zagospodarowania Kraju) ; |
| Oznaczenie tomu | Z. 215 |
| 856 ## - LOKALIZACJA I DOSTĘP DO ELEKTRONICZNYCH DOKUMENTÓW ZDALNYCH | |
| Link (URL) | http://koha.tu.koszalin.pl/cgi-bin/koha/opac-detail.pl?biblionumber=45746 |
| Tekst linku | Katalog online BPK |
| 942 ## - DODATKOWE ELEMENTY (KOHA) | |
| Typ dokumentu | Książka |
| Wycofany | Status egzemplarza | Uszkodzony | Dostępność | Lokalizacja stała | Lokalizacja bieżąca | Miejsce przechowywania | Sygnatura | Kod kreskowy | Typ dokumentu |
|---|---|---|---|---|---|---|---|---|---|
| Tylko na miejscu | Biblioteka Politechniki Koszalińskiej | Biblioteka Politechniki Koszalińskiej | Czytelnia Wydziałowa ul. Kwiatkowskiego 6e | 74825 | 02242750 | Książka |
